<?xml version="1.0" encoding="UTF-8"?>
<record
    xmlns:xsi="http://www.w3.org/2001/XMLSchema-instance"
    xsi:schemaLocation="http://www.loc.gov/MARC21/slim http://www.loc.gov/standards/marcxml/schema/MARC21slim.xsd"
    xmlns="http://www.loc.gov/MARC21/slim">

  <leader>00707nam a22002051a 4500</leader>
  <controlfield tag="003">OSt</controlfield>
  <controlfield tag="005">20150408114039.0</controlfield>
  <controlfield tag="008">120524s2011    xxu||||g |||| 00| 0 ara d</controlfield>
  <datafield tag="020" ind1=" " ind2=" ">
    <subfield code="a">9789775059260</subfield>
  </datafield>
  <datafield tag="040" ind1=" " ind2=" ">
    <subfield code="a">&#x639;&#x645;&#x627;&#x62F;&#x629; &#x634;&#x624;&#x648;&#x646; &#x627;&#x644;&#x645;&#x643;&#x62A;&#x628;&#x627;&#x62A; &#x641;&#x64A; &#x62C;&#x627;&#x645;&#x639;&#x629; &#x627;&#x644;&#x645;&#x62C;&#x645;&#x639;&#x629;</subfield>
  </datafield>
  <datafield tag="082" ind1="0" ind2="4">
    <subfield code="2">21</subfield>
    <subfield code="a">212</subfield>
    <subfield code="b">212 &#x62A; &#x627; &#x62E;</subfield>
  </datafield>
  <datafield tag="100" ind1="1" ind2=" ">
    <subfield code="a">&#x627;&#x644;&#x639;&#x633;&#x631;&#x64A;&#x60C; &#x62E;&#x627;&#x644;&#x62F;</subfield>
    <subfield code="9">14909</subfield>
  </datafield>
  <datafield tag="245" ind1="1" ind2="2">
    <subfield code="a">&#x627;&#x644;&#x62A;&#x631;&#x628;&#x64A;&#x629; &#x648;&#x627;&#x644;&#x634;&#x648;&#x631;&#x649; :</subfield>
    <subfield code="b">&#x627;&#x644;&#x623;&#x633;&#x626;&#x644;&#x629; &#x648;&#x627;&#x644;&#x623;&#x62C;&#x648;&#x628;&#x629; /</subfield>
    <subfield code="c">&#x62E;&#x627;&#x644;&#x62F; &#x627;&#x644;&#x639;&#x633;&#x631;&#x64A;.</subfield>
  </datafield>
  <datafield tag="250" ind1=" " ind2=" ">
    <subfield code="a">&#x637;. 1.</subfield>
  </datafield>
  <datafield tag="260" ind1=" " ind2=" ">
    <subfield code="a">&#x627;&#x644;&#x642;&#x627;&#x647;&#x631;&#x629; :</subfield>
    <subfield code="b">&#x62F;&#x627;&#x631; &#x627;&#x644;&#x633;&#x644;&#x627;&#x645;&#x60C;</subfield>
    <subfield code="c">2011</subfield>
  </datafield>
  <datafield tag="300" ind1=" " ind2=" ">
    <subfield code="a">197 &#x635;. &#x61B;</subfield>
    <subfield code="c">24 &#x633;&#x645;.</subfield>
  </datafield>
  <datafield tag="650" ind1=" " ind2="7">
    <subfield code="2">aucsh</subfield>
    <subfield code="a">&#x627;&#x644;&#x62A;&#x631;&#x628;&#x64A;&#x629; &#x627;&#x644;&#x625;&#x633;&#x644;&#x627;&#x645;&#x64A;&#x629;</subfield>
  </datafield>
  <datafield tag="650" ind1=" " ind2="7">
    <subfield code="2">aucsh</subfield>
    <subfield code="a">&#x627;&#x644;&#x634;&#x648;&#x631;&#x649;</subfield>
    <subfield code="9">2321</subfield>
  </datafield>
  <datafield tag="942" ind1=" " ind2=" ">
    <subfield code="2">ddc</subfield>
    <subfield code="c">BOOK</subfield>
  </datafield>
  <datafield tag="999" ind1=" " ind2=" ">
    <subfield code="c">23659</subfield>
    <subfield code="d">258159</subfield>
  </datafield>
  <datafield tag="952" ind1=" " ind2=" ">
    <subfield code="1">0</subfield>
    <subfield code="2">2013-03-10</subfield>
    <subfield code="4">0</subfield>
    <subfield code="7">1</subfield>
    <subfield code="a">212 212 &#x62A; &#x627; &#x62E;</subfield>
    <subfield code="c">1</subfield>
    <subfield code="d">2012-05-27</subfield>
    <subfield code="h">SRM</subfield>
    <subfield code="i">203679</subfield>
    <subfield code="l">stacks td</subfield>
    <subfield code="m">SRM</subfield>
    <subfield code="r">2013-03-10 00:00:00</subfield>
    <subfield code="t">BOOK</subfield>
    <subfield code="w">ddc</subfield>
    <subfield code="y">0</subfield>
  </datafield>
  <datafield tag="952" ind1=" " ind2=" ">
    <subfield code="1">0</subfield>
    <subfield code="2">2013-03-10</subfield>
    <subfield code="4">0</subfield>
    <subfield code="7">0</subfield>
    <subfield code="a">212 212 &#x62A; &#x627; &#x62E;</subfield>
    <subfield code="c">2</subfield>
    <subfield code="d">2012-05-27</subfield>
    <subfield code="h">SRM</subfield>
    <subfield code="i">203680</subfield>
    <subfield code="l">stacks td</subfield>
    <subfield code="m">SRM</subfield>
    <subfield code="r">2013-03-10 00:00:00</subfield>
    <subfield code="t">BOOK</subfield>
    <subfield code="w">ddc</subfield>
    <subfield code="y">0</subfield>
  </datafield>
  <datafield tag="952" ind1=" " ind2=" ">
    <subfield code="1">0</subfield>
    <subfield code="2">2013-03-10</subfield>
    <subfield code="4">0</subfield>
    <subfield code="7">1</subfield>
    <subfield code="a">212 212 &#x62A; &#x627; &#x62E;</subfield>
    <subfield code="c">1</subfield>
    <subfield code="d">2012-05-28</subfield>
    <subfield code="h">SRF</subfield>
    <subfield code="i">204106</subfield>
    <subfield code="l">stacks td</subfield>
    <subfield code="m">SRF</subfield>
    <subfield code="r">2013-03-10 00:00:00</subfield>
    <subfield code="t">BOOK</subfield>
    <subfield code="w">ddc</subfield>
    <subfield code="y">0</subfield>
  </datafield>
  <datafield tag="952" ind1=" " ind2=" ">
    <subfield code="1">0</subfield>
    <subfield code="2">2013-03-10</subfield>
    <subfield code="4">0</subfield>
    <subfield code="7">0</subfield>
    <subfield code="a">212 212 &#x62A; &#x627; &#x62E;</subfield>
    <subfield code="c">2</subfield>
    <subfield code="d">2012-05-28</subfield>
    <subfield code="h">SRF</subfield>
    <subfield code="i">204107</subfield>
    <subfield code="l">stacks td</subfield>
    <subfield code="m">SRF</subfield>
    <subfield code="r">2013-03-10 00:00:00</subfield>
    <subfield code="t">BOOK</subfield>
    <subfield code="w">ddc</subfield>
    <subfield code="y">0</subfield>
  </datafield>
  <datafield tag="952" ind1=" " ind2=" ">
    <subfield code="1">0</subfield>
    <subfield code="2">2013-03-10</subfield>
    <subfield code="4">0</subfield>
    <subfield code="7">0</subfield>
    <subfield code="a">212 212 &#x62A; &#x627; &#x62E;</subfield>
    <subfield code="c">2</subfield>
    <subfield code="d">2012-05-28</subfield>
    <subfield code="h">IC</subfield>
    <subfield code="i">204760</subfield>
    <subfield code="l">stack td </subfield>
    <subfield code="m">IC</subfield>
    <subfield code="r">2013-03-10 00:00:00</subfield>
    <subfield code="t">BOOK</subfield>
    <subfield code="w">ddc</subfield>
    <subfield code="y">0</subfield>
  </datafield>
  <datafield tag="952" ind1=" " ind2=" ">
    <subfield code="1">0</subfield>
    <subfield code="2">2013-03-10</subfield>
    <subfield code="4">0</subfield>
    <subfield code="7">1</subfield>
    <subfield code="a">212 212 &#x62A; &#x627; &#x62E;</subfield>
    <subfield code="c">1</subfield>
    <subfield code="d">2012-05-28</subfield>
    <subfield code="h">IC</subfield>
    <subfield code="i">204759</subfield>
    <subfield code="l">stack td </subfield>
    <subfield code="m">IC</subfield>
    <subfield code="q">2019-11-19</subfield>
    <subfield code="r">2019-11-19 00:00:00</subfield>
    <subfield code="t">BOOK</subfield>
    <subfield code="w">ddc</subfield>
    <subfield code="y">2</subfield>
  </datafield>
  <datafield tag="952" ind1=" " ind2=" ">
    <subfield code="1">0</subfield>
    <subfield code="2">2013-03-10</subfield>
    <subfield code="4">0</subfield>
    <subfield code="7">1</subfield>
    <subfield code="a">212 212 &#x62A; &#x627; &#x62E;</subfield>
    <subfield code="c">1</subfield>
    <subfield code="d">2012-05-29</subfield>
    <subfield code="h">EZF</subfield>
    <subfield code="i">205413</subfield>
    <subfield code="l">stack td </subfield>
    <subfield code="m">EZF</subfield>
    <subfield code="r">2013-03-10 00:00:00</subfield>
    <subfield code="t">BOOK</subfield>
    <subfield code="w">ddc</subfield>
    <subfield code="y">0</subfield>
  </datafield>
  <datafield tag="952" ind1=" " ind2=" ">
    <subfield code="1">0</subfield>
    <subfield code="2">2013-03-10</subfield>
    <subfield code="4">0</subfield>
    <subfield code="7">1</subfield>
    <subfield code="a">212 212 &#x62A; &#x627; &#x62E;</subfield>
    <subfield code="c">1</subfield>
    <subfield code="d">2012-05-29</subfield>
    <subfield code="h">CL</subfield>
    <subfield code="i">205534</subfield>
    <subfield code="l">stacks td</subfield>
    <subfield code="m">CL</subfield>
    <subfield code="r">2013-03-10 00:00:00</subfield>
    <subfield code="t">BOOK</subfield>
    <subfield code="w">ddc</subfield>
    <subfield code="y">0</subfield>
  </datafield>
  <datafield tag="952" ind1=" " ind2=" ">
    <subfield code="1">0</subfield>
    <subfield code="2">2013-03-10</subfield>
    <subfield code="4">0</subfield>
    <subfield code="7">0</subfield>
    <subfield code="a">212 212 &#x62A; &#x627; &#x62E;</subfield>
    <subfield code="c">2</subfield>
    <subfield code="d">2012-05-29</subfield>
    <subfield code="h">CL</subfield>
    <subfield code="i">205533</subfield>
    <subfield code="l">stacks td</subfield>
    <subfield code="m">CL</subfield>
    <subfield code="r">2013-03-10 00:00:00</subfield>
    <subfield code="t">BOOK</subfield>
    <subfield code="w">ddc</subfield>
    <subfield code="y">0</subfield>
  </datafield>
  <datafield tag="952" ind1=" " ind2=" ">
    <subfield code="1">0</subfield>
    <subfield code="2">2013-03-10</subfield>
    <subfield code="4">0</subfield>
    <subfield code="7">0</subfield>
    <subfield code="a">212 212 &#x62A; &#x627; &#x62E;</subfield>
    <subfield code="c">3</subfield>
    <subfield code="d">2012-05-29</subfield>
    <subfield code="h">CL</subfield>
    <subfield code="i">205532</subfield>
    <subfield code="l">stacks td</subfield>
    <subfield code="m">CL</subfield>
    <subfield code="r">2013-03-10 00:00:00</subfield>
    <subfield code="t">BOOK</subfield>
    <subfield code="w">ddc</subfield>
    <subfield code="y">0</subfield>
  </datafield>
  <datafield tag="952" ind1=" " ind2=" ">
    <subfield code="1">0</subfield>
    <subfield code="2">2013-03-10</subfield>
    <subfield code="4">0</subfield>
    <subfield code="7">1</subfield>
    <subfield code="a">212 212 &#x62A; &#x627; &#x62E;</subfield>
    <subfield code="c">1</subfield>
    <subfield code="d">2012-05-30</subfield>
    <subfield code="h">EMF</subfield>
    <subfield code="i">206200</subfield>
    <subfield code="l">stack td </subfield>
    <subfield code="m">EMF</subfield>
    <subfield code="r">2013-03-10 00:00:00</subfield>
    <subfield code="t">BOOK</subfield>
    <subfield code="w">ddc</subfield>
    <subfield code="y">0</subfield>
  </datafield>
  <datafield tag="952" ind1=" " ind2=" ">
    <subfield code="1">0</subfield>
    <subfield code="2">2013-03-10</subfield>
    <subfield code="4">0</subfield>
    <subfield code="7">0</subfield>
    <subfield code="a">212 212 &#x62A; &#x627; &#x62E;</subfield>
    <subfield code="c">2</subfield>
    <subfield code="d">2012-05-30</subfield>
    <subfield code="h">EMF</subfield>
    <subfield code="i">206199</subfield>
    <subfield code="l">stack td </subfield>
    <subfield code="m">EMF</subfield>
    <subfield code="r">2013-03-10 00:00:00</subfield>
    <subfield code="t">BOOK</subfield>
    <subfield code="w">ddc</subfield>
    <subfield code="y">0</subfield>
  </datafield>
</record>
